00425 a2200109 4500001000900000005001700009008004100026245014300067100002100210700002100231773006300252ART_798620260410161639.0260409a 10aCuentas tributarias. Pasado, presente y futuro del conocimiento de la información recíproca generada entre el contribuyente y el fisco1 aTaub, Isidoro L.1 aBuono, Javier A.0 tConsultor tributariog- Vol. 2, Nº 19 (sep. 2008)wREV474